[Event "K41 Foraars EMT Gruppe A 2011"]
[Site "Valby"]
[Date "2011.03.15"]
[Round "1"]
[White "Jorgensen, Brian"]
[Black "Kragh, Niels Kristian"]
[Result "1-0"]
[WhiteElo "2186"]
[BlackElo "2167"]
[PlyCount "57"]
[EventDate "2011.??.??"]

1. d4 d5 2. c4 dxc4 3. Nf3 Nf6 4. Nc3 a6 5. g3 b5 6. Bg2 Bb7 7. O-O e6 8. Qc2
Be7 9. Bg5 Nbd7 10. Rad1 O-O 11. Rfe1 h6 12. Bf4 Nd5 13. Bc1 c5 14. dxc5 Qc7
15. Nxd5 Bxd5 16. e4 Bb7 17. Bf4 e5 18. Bh3 f5 19. Rxd7 Qxd7 20. Nxe5 Qe6 21.
Bxf5 Rxf5 22. exf5 Qd5 23. c6 Bc8 24. Ng6 Bb4 25. Re8+ Kf7 26. Qe2 Qxf5 27.
Nh8+ Kf6 28. Be5+ Kg5 29. h4# 1-0

[Event "K41 Foraars EMT Gruppe A 2011"]
[Site "Valby"]
[Date "2011.03.15"]
[Round "1"]
[White "Laursen, Niels Norskov"]
[Black "Stojanovski, Sandi"]
[Result "1/2-1/2"]
[WhiteElo "2188"]
[BlackElo "2148"]
[PlyCount "92"]
[EventDate "2011.??.??"]

1. e4 c5 2. Nf3 Nc6 3. d4 cxd4 4. Nxd4 Nf6 5. Nc3 e5 6. Ndb5 d6 7. Bg5 a6 8.
Na3 b5 9. Nd5 Be7 10. Bxf6 Bxf6 11. c3 Bg5 12. Nc2 O-O 13. a4 bxa4 14. Rxa4 a5
15. Bc4 Ne7 16. O-O Nxd5 17. Bxd5 Rb8 18. Qa1 Bd7 19. Rxa5 Rxb2 20. Ra8 Rb8 21.
Rxb8 Qxb8 22. Rb1 Qc8 23. Qa3 Be6 24. Bxe6 Qxe6 25. Rd1 Qc4 26. Qxd6 Qxe4 27.
Qd3 Qxd3 28. Rxd3 f5 29. g3 Kf7 30. Rd7+ Be7 31. Ne3 Ke6 32. Rc7 f4 33. gxf4
exf4 34. Nc4 f3 35. Nd2 g5 36. Rc4 Bd6 37. h4 h6 38. hxg5 hxg5 39. Re4+ Kf5 40.
Rd4 Be5 41. Rd5 Ke6 42. Rd3 g4 43. Re3 Kd5 44. c4+ Kd6 45. Re4 Rg8 46. Nf1 g3
1/2-1/2

[Event "K41 Foraars EMT Gruppe A 2011"]
[Site "Valby"]
[Date "2011.03.15"]
[Round "1"]
[White "Nielsen, John Holm"]
[Black "Schmidt, Kristen"]
[Result "0-1"]
[WhiteElo "2034"]
[BlackElo "2263"]
[PlyCount "48"]
[EventDate "2011.??.??"]

1. Nc3 d5 2. e4 d4 3. Nce2 e5 4. Ng3 Be6 5. Nf3 f6 6. Be2 Nc6 7. O-O Qd7 8. d3
Nge7 9. c3 O-O-O 10. Qa4 Kb8 11. cxd4 Nxd4 12. Qxd7 Nxe2+ 13. Nxe2 Rxd7 14. Rd1
c5 15. Be3 Nc6 16. Ne1 Be7 17. Nc3 Rhd8 18. a3 Na5 19. b4 Nb3 20. Rab1 cxb4 21.
axb4 Bxb4 22. Nd5 Bxd5 23. exd5 Bxe1 24. Rxe1 Nd4 0-1

[Event "K41 Foraars EMT Gruppe A 2011"]
[Site "Valby"]
[Date "2011.03.15"]
[Round "1"]
[White "Nielsen, Michael"]
[Black "Hagen, Andreas Skytte"]
[Result "0-1"]
[WhiteElo "2080"]
[BlackElo "2271"]
[PlyCount "104"]
[EventDate "2011.??.??"]

1. d4 Nf6 2. Bg5 e6 3. e3 h6 4. Bh4 c5 5. c3 Be7 6. Nd2 b6 7. Bxf6 Bxf6 8. dxc5
bxc5 9. Ne4 Be7 10. Nd6+ Bxd6 11. Qxd6 Qb6 12. Qxb6 axb6 13. Nf3 Bb7 14. Be2
Ke7 15. O-O d6 16. Rfd1 Nd7 17. Nd2 Bc6 18. Bf3 d5 19. c4 Ne5 20. cxd5 exd5 21.
Be2 Rhd8 22. Nf3 f6 23. h3 g5 24. Rd2 Ke6 25. a3 d4 26. exd4 Bxf3 27. Bxf3
Nxf3+ 28. gxf3 Rxd4 29. Re2+ Kd5 30. Rae1 Rd8 31. Kg2 Rd6 32. Kg3 Kc4 33. Rc1+
Kb3 34. Rc3+ Ka4 35. Re8 h5 36. Ra8+ Kb5 37. b3 h4+ 38. Kg2 Rd3 39. a4+ Kb4 40.
Rxd3 Rxd3 41. Rb8 Rxb3 42. Rxb6+ Kxa4 43. Rxf6 c4 44. f4 gxf4 45. Rxf4 Rb4 46.
Kf3 c3 47. Rf8 c2 48. Rc8 Kb3 49. Ke2 Kb2 50. Kd2 Rd4+ 51. Ke3 Rd1 52. Rb8+ Ka3
0-1

[Event "K41 Foraars EMT Gruppe A 2011"]
[Site "Valby"]
[Date "2011.04.12"]
[Round "2"]
[White "Hagen, Andreas Skytte"]
[Black "Jorgensen, Brian"]
[Result "1/2-1/2"]
[WhiteElo "2271"]
[BlackElo "2186"]
[PlyCount "78"]
[EventDate "2011.??.??"]

1. c4 e6 2. g3 d5 3. Bg2 Nf6 4. Nf3 Be7 5. O-O O-O 6. b3 b6 7. Bb2 Bb7 8. e3
Nbd7 9. Nc3 c6 10. Qe2 e5 11. d3 Re8 12. Rac1 Bb4 13. cxd5 Nxd5 14. Nb1 Rc8 15.
Qc2 Ba6 16. Rfd1 Bd6 17. a3 Qf6 18. Nbd2 Qh6 19. Nc4 Bb8 20. e4 N5f6 21. d4
exd4 22. Nxd4 g6 23. h3 Nc5 24. Nxc6 Rxc6 25. e5 Rce6 26. exf6 Bc7 27. Bd4 Re2
28. Qc3 Ne4 29. Qd3 Nc5 30. Bxc5 bxc5 31. Qd7 Bxc4 32. bxc4 Bxg3 33. fxg3 Qe3+
34. Kh2 Rxg2+ 35. Kxg2 Qe2+ 36. Kg1 Qe3+ 37. Kg2 Qe2+ 38. Kg1 Qe3+ 39. Kg2 Qe2+
1/2-1/2

[Event "K41 Foraars EMT Gruppe A 2011"]
[Site "Valby"]
[Date "2011.03.22"]
[Round "2"]
[White "Nielsen, John Holm"]
[Black "Laursen, Niels Norskov"]
[Result "1/2-1/2"]
[WhiteElo "2034"]
[BlackElo "2188"]
[PlyCount "29"]
[EventDate "2011.??.??"]

1. Nc3 c5 2. e4 a6 3. a4 e6 4. g3 Nc6 5. Bg2 Nf6 6. d3 Be7 7. f4 d5 8. e5 Nd7
9. Nf3 Rb8 10. O-O b5 11. b3 g6 12. Bd2 Qb6 13. Kh1 h5 14. h4 Bf8 15. Qe1
1/2-1/2

[Event "K41 Foraars EMT Gruppe A 2011"]
[Site "Valby"]
[Date "2011.03.22"]
[Round "2"]
[White "Schmidt, Kristen"]
[Black "Kragh, Niels Kristian"]
[Result "0-1"]
[WhiteElo "2263"]
[BlackElo "2167"]
[PlyCount "134"]
[EventDate "2011.??.??"]

1. e4 c5 2. Nf3 d6 3. d4 cxd4 4. Nxd4 Nf6 5. Nc3 g6 6. Be3 Bg7 7. f3 Nc6 8. Bc4
O-O 9. Qd2 Bd7 10. h4 h5 11. O-O-O Rb8 12. Bb3 Na5 13. Bh6 b5 14. Bxg7 Kxg7 15.
Nd5 Nxd5 16. Bxd5 e6 17. Bb3 e5 18. Ne2 Nxb3+ 19. axb3 Rb6 20. g4 hxg4 21. f4
f6 22. h5 g5 23. h6+ Kh7 24. fxe5 fxe5 25. Rh5 Rf4 26. Nxf4 gxf4 27. Qa5 Qc8
28. Qb4 a5 29. Qe1 g3 30. Rg5 Bg4 31. Qh1 Bxd1 32. Qxd1 Qh3 33. Rh5 Qe6 34. Rf5
Qg6 35. Kd2 Rb7 36. Ke1 Rc7 37. Kf1 Kxh6 38. Kg2 Kg7 39. c3 Rc8 40. Qd5 Rc7 41.
Qxb5 Rf7 42. Rxf7+ Qxf7 43. Qe2 Qxb3 44. Qg4+ Kf6 45. Qh4+ Ke6 46. Qd8 Qxb2+
47. Kh3 Qh2+ 48. Kg4 Qe2+ 49. Kg5 Qb5 50. Qg8+ Kd7 51. Kf6 Kc7 52. Qf7+ Kb6 53.
Ke7 Qc6 54. Qg8 a4 55. Kf6 Qxe4 56. Qd8+ Kc5 57. Qa5+ Kc4 58. Qxa4+ Kd3 59.
Qd1+ Kxc3 60. Qxd6 Qd4 61. Qc6+ Kd2 62. Kf5 Ke2 63. Kg4 Kf2 64. Qf3+ Kg1 65.
Kh3 Qf2 66. Qc3 e4 67. Kg4 Qf3+ 0-1

[Event "K41 Foraars EMT Gruppe A 2011"]
[Site "Valby"]
[Date "2011.03.22"]
[Round "2"]
[White "Stojanovski, Sandi"]
[Black "Nielsen, Michael"]
[Result "1-0"]
[WhiteElo "2148"]
[BlackElo "2080"]
[PlyCount "117"]
[EventDate "2011.??.??"]

1. d4 Nf6 2. c4 c5 3. d5 b5 4. cxb5 a6 5. e3 g6 6. Nc3 Bg7 7. Nf3 O-O 8. a4 d6
9. e4 Qc7 10. Be2 axb5 11. Bxb5 Na6 12. O-O Nb4 13. h3 h6 14. Be3 Kh7 15. Rc1
Rg8 16. Ne1 Ba6 17. Nd3 Bxb5 18. axb5 Na2 19. Nxa2 Rxa2 20. f3 Qa5 21. b4 Qxb5
22. Qb3 Rga8 23. Qc4 Qxc4 24. Rxc4 R2a3 25. Rd1 R8a4 26. Nxc5 dxc5 27. Bxc5 Bf8
28. Bd4 Ng8 29. e5 Ra8 30. Rc7 g5 31. b5 Kg6 32. b6 Rb8 33. Rb1 Rd3 34. b7 Rxd4
35. Rc8 Rxb7 36. Rxb7 Bg7 37. Rxg8 Rxd5 38. Rxe7 Kh7 39. Rge8 Kg6 40. g4 h5 41.
gxh5+ Kxh5 42. Kf2 Ra5 43. Rxf7 Bxe5 44. Rh7+ Kg6 45. Rhe7 Ra2+ 46. Kf1 Ra1+
47. Ke2 Bf4 48. Rg8+ Kf5 49. Re4 Ra2+ 50. Ke1 Rh2 51. Rh8 Rh1+ 52. Ke2 Rh2+ 53.
Kd3 Rd2+ 54. Kc4 Rg2 55. Kd5 Rd2+ 56. Kc5 Rc2+ 57. Kb5 Rc3 58. Rf8+ Kg6 59.
Re6+ 1-0

[Event "K41 Foraars EMT Gruppe A 2011"]
[Site "Valby"]
[Date "2011.03.29"]
[Round "3"]
[White "Jorgensen, Brian"]
[Black "Stojanovski, Sandi"]
[Result "0-1"]
[WhiteElo "2186"]
[BlackElo "2148"]
[PlyCount "100"]
[EventDate "2011.??.??"]

1. d4 Nf6 2. c4 e6 3. Nc3 Bb4 4. Qc2 d5 5. cxd5 exd5 6. Bg5 h6 7. Bxf6 Qxf6 8.
a3 Bxc3+ 9. Qxc3 c6 10. e3 O-O 11. Nf3 Nd7 12. Be2 Re8 13. b4 g5 14. g4 Nf8 15.
h4 Bxg4 16. hxg5 hxg5 17. Ne5 Bxe2 18. Kxe2 Ng6 19. Ng4 Qe6 20. Rag1 Kg7 21.
Ne5 f6 22. Qc2 fxe5 23. Rxg5 e4 24. Rhg1 Rf8 25. Rxg6+ Qxg6 26. Rxg6+ Kxg6 27.
Qc5 Rf6 28. Qc1 Raf8 29. Qg1+ Kf7 30. Qg3 Ke6 31. Qe5+ Kd7 32. f4 exf3+ 33. Kf2
Rg6 34. Qh5 Rg2+ 35. Kf1 Rg7 36. Kf2 Kc8 37. Qe5 Rg2+ 38. Kf1 Rg6 39. Qe7 Rgf6
40. Kf2 Kb8 41. a4 Ka8 42. b5 cxb5 43. axb5 Rf5 44. Qg7 Rc8 45. Qh7 Rc2+ 46.
Kf1 Rc1+ 47. Kf2 Rf8 48. Qg7 Rc2+ 49. Kf1 Rfc8 50. Ke1 Rg2 0-1

[Event "K41 Foraars EMT Gruppe A 2011"]
[Site "Valby"]
[Date "2011.04.11"]
[Round "3"]
[White "Kragh, Niels Kristian"]
[Black "Hagen, Andreas Skytte"]
[Result "0-1"]
[WhiteElo "2167"]
[BlackElo "2271"]
[PlyCount "34"]
[EventDate "2011.??.??"]

1. e4 e5 2. Bc4 Nf6 3. d4 exd4 4. Nf3 Bc5 5. O-O d6 6. Nxd4 O-O 7. Bg5 h6 8.
Bh4 g5 9. Bg3 Nxe4 10. Qh5 Bxd4 11. Qg6+ Bg7 12. Qxe4 c6 13. Bd3 f5 14. Qe2 f4
15. Qh5 Bf5 16. Bxf5 Rxf5 17. Bh4 Rf8 0-1

[Event "K41 Foraars EMT Gruppe A 2011"]
[Site "Valby"]
[Date "2011.03.29"]
[Round "3"]
[White "Laursen, Niels Norskov"]
[Black "Schmidt, Kristen"]
[Result "1-0"]
[WhiteElo "2188"]
[BlackElo "2263"]
[PlyCount "75"]
[EventDate "2011.??.??"]

1. e4 c6 2. d4 d5 3. e5 Bf5 4. Nd2 e6 5. Nb3 Nd7 6. Nf3 Ne7 7. Be2 Bg6 8. O-O
Qc7 9. Bd2 Rd8 10. a4 Nc8 11. a5 Be7 12. Re1 O-O 13. Qc1 f6 14. Bf4 fxe5 15.
Nxe5 Nxe5 16. Bxe5 Qd7 17. c3 Bh4 18. g3 Be7 19. Qe3 b6 20. axb6 axb6 21. Nc1
Nd6 22. Bxd6 Bxd6 23. Nd3 Bf5 24. Bf1 Rde8 25. Ne5 Qc7 26. b4 c5 27. bxc5 bxc5
28. Nd3 c4 29. Ne5 Rb8 30. Ra6 Rfd8 31. Nc6 Qb7 32. Nxb8 Bxb8 33. Rxe6 Bxe6 34.
Qxe6+ Qf7 35. Bh3 Qxe6 36. Bxe6+ Kf8 37. Rb1 Ke7 38. Bxd5 1-0

[Event "K41 Foraars EMT Gruppe A 2011"]
[Site "Valby"]
[Date "2011.04.05"]
[Round "4"]
[White "Laursen, Niels Norskov"]
[Black "Nielsen, Michael"]
[Result "1/2-1/2"]
[WhiteElo "2188"]
[BlackElo "2080"]
[PlyCount "67"]
[EventDate "2011.??.??"]

1. e4 c5 2. Nf3 Nc6 3. d4 cxd4 4. Nxd4 Nf6 5. Nc3 e5 6. Ndb5 d6 7. Bg5 a6 8.
Na3 b5 9. Nd5 Be7 10. Bxf6 Bxf6 11. c3 Be6 12. Nc2 Bg5 13. a4 bxa4 14. Rxa4
Bxd5 15. exd5 Nb8 16. Bb5+ Kf8 17. Nb4 Qb6 18. Qe2 a5 19. O-O g6 20. Rfa1 Kg7
21. Qc4 Rd8 22. Bc6 Nxc6 23. Nxc6 Qxb2 24. Nxd8 Bxd8 25. R4a2 Qb6 26. g3 Qb7
27. Qd3 Rc8 28. Rb1 Qc7 29. Qa6 Qc5 30. Rc2 h5 31. c4 Rc7 32. Qa8 Rc8 33. Qa6
Rc7 34. Qa8 1/2-1/2

[Event "K41 Foraars EMT Gruppe A 2011"]
[Site "Valby"]
[Date "2011.04.05"]
[Round "4"]
[White "Nielsen, John Holm"]
[Black "Jorgensen, Brian"]
[Result "0-1"]
[WhiteElo "2034"]
[BlackElo "2186"]
[PlyCount "136"]
[EventDate "2011.??.??"]

1. Nc3 d5 2. e4 dxe4 3. Nxe4 e5 4. Bc4 Nc6 5. Nf3 Be7 6. d3 h6 7. Bb5 Bd6 8. d4
exd4 9. Qxd4 Nf6 10. O-O Kf8 11. Bxc6 bxc6 12. Nxf6 Qxf6 13. Qxf6 gxf6 14. Bd2
Kg7 15. Rfe1 Bf5 16. c4 Rhe8 17. Bc3 c5 18. Rad1 Rad8 19. Rxe8 Rxe8 20. Re1
Rxe1+ 21. Nxe1 Bb1 22. a3 Ba2 23. Nc2 Bxc4 24. Ne3 Be6 25. g3 Kg6 26. f4 f5 27.
Kf2 h5 28. h4 Kh7 29. Nc2 Kg8 30. Ne1 Kf8 31. Ke3 Ke7 32. Nd3 Bd5 33. Ne5 Ke6
34. Nd3 Be4 35. Ne5 a6 36. Nc4 Be7 37. Be5 Bd5 38. Nd2 Bd6 39. Bc3 Kd7 40. Bf6
Ke6 41. Bc3 Be7 42. Be5 Bg2 43. Bc3 Kd5 44. Be5 c6 45. Bc3 c4 46. Bd4 c3 47.
Bxc3 Bc5+ 48. Ke2 Be4 49. Nb3 Bb6 50. Nd2 Bc2 51. Nf3 Bb3 52. Nd2 Bc4+ 53. Kf3
Bd3 54. Nb3 Bc2 55. Nd2 Bd1+ 56. Kg2 Be2 57. Nb3 Ke4 58. Nd2+ Ke3 59. Nb3 Bf3+
60. Kf1 Bd5 61. Nd2 Kd3 62. Ke1 Be3 63. Nf1 Bg1 64. Be5 c5 65. Bc3 c4 66. Be5
a5 67. Bc3 a4 68. Be5 Bg2 0-1

[Event "K41 Foraars EMT Gruppe A 2011"]
[Site "Valby"]
[Date "2011.04.05"]
[Round "4"]
[White "Schmidt, Kristen"]
[Black "Hagen, Andreas Skytte"]
[Result "0-1"]
[WhiteElo "2263"]
[BlackElo "2271"]
[PlyCount "72"]
[EventDate "2011.??.??"]

1. e4 e5 2. Nf3 Nc6 3. d4 exd4 4. Nxd4 Nf6 5. Nxc6 bxc6 6. e5 Qe7 7. Qe2 Nd5 8.
c4 Ba6 9. b3 g6 10. Bb2 Bg7 11. g3 O-O 12. Bg2 Rae8 13. O-O Bxe5 14. Qxe5 Qxe5
15. Bxe5 Rxe5 16. cxd5 Bxf1 17. Kxf1 cxd5 18. Nd2 Rfe8 19. Bf3 c6 20. h4 a5 21.
Rc1 Kg7 22. Kg2 Ra8 23. g4 h6 24. Bd1 Re1 25. f4 Rae8 26. Kf2 Kf8 27. Nf3 R8e2+
28. Bxe2 Rxc1 29. h5 gxh5 30. gxh5 Rc2 31. a4 Rb2 32. Nd4 c5 33. Nf5 d4 34. Ke1
Rxb3 35. Nxh6 d3 36. Bg4 c4 0-1

[Event "K41 Foraars EMT Gruppe A 2011"]
[Site "Valby"]
[Date "2011.04.05"]
[Round "4"]
[White "Stojanovski, Sandi"]
[Black "Kragh, Niels Kristian"]
[Result "1-0"]
[WhiteElo "2148"]
[BlackElo "2167"]
[PlyCount "53"]
[EventDate "2011.??.??"]

1. d4 d5 2. c4 dxc4 3. e3 Nf6 4. Bxc4 e6 5. Nf3 c5 6. O-O a6 7. Qe2 b5 8. Bd3
Bb7 9. dxc5 Nc6 10. b4 Nxb4 11. Bxb5+ axb5 12. Qxb5+ Bc6 13. Qxb4 Nd5 14. Qd2
Bxc5 15. Bb2 O-O 16. Rc1 Bb4 17. Qd4 e5 18. Qxe5 Nf6 19. Nd4 Be4 20. Nc3 Ra5
21. Ncb5 Bd3 22. a4 Re8 23. Nc6 Qa8 24. Qd4 Be4 25. Qxb4 Bxg2 26. Qxa5 Qb7 27.
Qc7 1-0

[Event "K41 Foraars EMT Gruppe A 2011"]
[Site "Valby"]
[Date "2011.04.26"]
[Round "5"]
[White "Hagen, Andreas Skytte"]
[Black "Stojanovski, Sandi"]
[Result "1/2-1/2"]
[WhiteElo "2271"]
[BlackElo "2148"]
[PlyCount "120"]
[EventDate "2011.??.??"]

1. d4 Nf6 2. c4 e6 3. Nc3 Bb4 4. e3 O-O 5. Bd3 d5 6. Nf3 c5 7. O-O Nc6 8. a3
Bxc3 9. bxc3 dxc4 10. Bxc4 Qc7 11. h3 e5 12. Ba2 e4 13. Nd2 Bf5 14. Qe2 cxd4
15. cxd4 Rad8 16. a4 Rfe8 17. Ba3 Be6 18. Nc4 Rd5 19. Ne5 Ra5 20. Qc2 Qc8 21.
Nxc6 bxc6 22. Bxe6 Rxe6 23. Bc5 Nd7 24. Qc3 Qa6 25. Qb4 h6 26. Rfc1 Kh7 27. Bd6
Rg6 28. Bg3 Nb6 29. Qf8 Qb7 30. Qb4 Qa6 31. Qe7 f5 32. Rc5 Rxc5 33. Qxc5 Nd5
34. Qf8 Rf6 35. Qc5 Qe2 36. Rc1 f4 37. exf4 Nxf4 38. Qc2 Qd3 39. Bxf4 Rxf4 40.
g3 Rf3 41. Qxd3 Rxd3 42. Rxc6 Rxd4 43. Ra6 Rd1+ 44. Kg2 Ra1 45. Rxa7 h5 46. a5
Kg6 47. a6 Kf6 48. Ra8 Kg6 49. a7 Kh7 50. h4 Kg6 51. g4 hxg4 52. h5+ Kg5 53. h6
Kg6 54. Kg3 Ra4 55. Kf4 Kh7 56. hxg7 Kxg7 57. Ke3 Kh7 58. Kd2 Kg7 59. Ke3 Kh7
60. Kf4 Kg7 1/2-1/2

[Event "K41 Foraars EMT Gruppe A 2011"]
[Site "Valby"]
[Date "2011.04.26"]
[Round "5"]
[White "Jorgensen, Brian"]
[Black "Laursen, Niels Norskov"]
[Result "1-0"]
[WhiteElo "2186"]
[BlackElo "2188"]
[PlyCount "71"]
[EventDate "2011.??.??"]

1. c4 Nf6 2. Nc3 c5 3. g3 e6 4. Nf3 b6 5. Bg2 Bb7 6. O-O a6 7. Re1 d6 8. e4 Be7
9. h3 Qc7 10. d3 Nc6 11. Be3 Nd7 12. Rc1 Nde5 13. Nh2 Nd4 14. b4 Ndc6 15. f4
Nd7 16. b5 Nd4 17. a4 axb5 18. Nxb5 Nxb5 19. axb5 O-O 20. g4 d5 21. cxd5 exd5
22. g5 Ra5 23. Bd2 Rxb5 24. exd5 Bd6 25. Rc4 Rb2 26. Rf1 b5 27. Rc2 Rxc2 28.
Qxc2 Ra8 29. Ng4 Nb6 30. Bc3 Nxd5 31. Bxg7 Kxg7 32. Qb2+ Kf8 33. Re1 f6 34.
Bxd5 Bxd5 35. Qxf6+ Bf7 36. Nh6 1-0

[Event "K41 Foraars EMT Gruppe A 2011"]
[Site "Valby"]
[Date "2011.04.26"]
[Round "5"]
[White "Kragh, Niels Kristian"]
[Black "Nielsen, John Holm"]
[Result "1-0"]
[WhiteElo "2167"]
[BlackElo "2034"]
[PlyCount "73"]
[EventDate "2011.??.??"]

1. e4 e5 2. Bc4 Nf6 3. d4 exd4 4. Nf3 Nc6 5. e5 d5 6. Bb5 Ne4 7. Nxd4 Bd7 8.
Bxc6 bxc6 9. O-O Be7 10. f3 Nc5 11. f4 O-O 12. f5 Re8 13. Qh5 Bf8 14. Bf4 Ne4
15. Nc3 Nxc3 16. bxc3 c5 17. Nb3 g6 18. fxg6 fxg6 19. Qf3 Be6 20. Rad1 Qe7 21.
Qg3 Qg7 22. Bg5 Be7 23. Bf6 Bxf6 24. exf6 Qf7 25. Nxc5 Rad8 26. Rde1 Bc8 27.
Qg5 Rxe1 28. Rxe1 Rf8 29. Rf1 Kh8 30. Nd3 Bf5 31. g4 Be4 32. Ne5 Qe6 33. h4
Qb6+ 34. Kh2 Qd6 35. Rf4 Qa6 36. Rxe4 dxe4 37. Nxg6+ 1-0

[Event "K41 Foraars EMT Gruppe A 2011"]
[Site "Valby"]
[Date "2011.04.26"]
[Round "5"]
[White "Nielsen, Michael"]
[Black "Schmidt, Kristen"]
[Result "0-1"]
[WhiteElo "2080"]
[BlackElo "2263"]
[PlyCount "48"]
[EventDate "2011.??.??"]

1. d4 Nf6 2. Bg5 Ne4 3. Bf4 c5 4. f3 Nf6 5. d5 Qb6 6. e4 d6 7. Nd2 e5 8. dxe6
Bxe6 9. Ne2 d5 10. Nc3 dxe4 11. fxe4 Be7 12. Nc4 Bxc4 13. Bxc4 O-O 14. O-O Qb4
15. Qd3 Nc6 16. a3 Qa5 17. Qh3 Rad8 18. e5 Ne8 19. e6 f5 20. Bg5 Rd4 21. Rxf5
Rxf5 22. Qxf5 Nd6 23. Bxe7 Nxf5 24. Bd8 Qxd8 0-1

[Event "K41 Foraars EMT Gruppe A 2011"]
[Site "Valby"]
[Date "2011.05.03"]
[Round "6"]
[White "Laursen, Niels Norskov"]
[Black "Kragh, Niels Kristian"]
[Result "1-0"]
[WhiteElo "2188"]
[BlackElo "2167"]
[PlyCount "51"]
[EventDate "2011.??.??"]

1. c4 c6 2. e4 d5 3. exd5 cxd5 4. d4 Nf6 5. Nc3 e6 6. Nf3 Bb4 7. cxd5 Nxd5 8.
Bd2 O-O 9. Bd3 Be7 10. O-O Nc6 11. a3 Bf6 12. Qc2 g6 13. Bh6 Re8 14. Bb5 Nxc3
15. Bxc6 bxc6 16. Qxc3 Bb7 17. Qe3 a5 18. Rfd1 Qb6 19. Ne5 Qc7 20. Ng4 Qe7 21.
Qf4 Bh8 22. Bg5 e5 23. Nh6+ Kg7 24. dxe5 Qe6 25. Rd6 Qb3 26. Qf6+ 1-0

[Event "K41 Foraars EMT Gruppe A 2011"]
[Site "Valby"]
[Date "2011.05.03"]
[Round "6"]
[White "Nielsen, Michael"]
[Black "Jorgensen, Brian"]
[Result "0-1"]
[WhiteElo "2080"]
[BlackElo "2186"]
[PlyCount "62"]
[EventDate "2011.??.??"]

1. d4 c5 2. c3 d5 3. Nf3 Nc6 4. dxc5 a5 5. Na3 e5 6. Nb5 Nf6 7. Bg5 Be6 8. e4
dxe4 9. Nd2 e3 10. Bxe3 Be7 11. Bc4 Nd5 12. Bxd5 Bxd5 13. Nd6+ Bxd6 14. cxd6
O-O 15. c4 Be6 16. c5 f5 17. f3 b6 18. Qa4 Nb4 19. O-O bxc5 20. Bxc5 Nd3 21.
Qb5 Nf4 22. Rf2 Rb8 23. Qa6 Rxb2 24. Nc4 Rxf2 25. Bxf2 Qg5 26. g3 Nh3+ 27. Kg2
Nxf2 28. Kxf2 f4 29. Rg1 Qh6 30. Nxe5 Qxh2+ 31. Kf1 Bh3+ 0-1

[Event "K41 Foraars EMT Gruppe A 2011"]
[Site "Valby"]
[Date "2011.05.03"]
[Round "6"]
[White "Schmidt, Kristen"]
[Black "Stojanovski, Sandi"]
[Result "0-1"]
[WhiteElo "2263"]
[BlackElo "2148"]
[PlyCount "52"]
[EventDate "2011.??.??"]

1. e4 c5 2. Nf3 Nc6 3. d4 cxd4 4. Nxd4 Nf6 5. Nc3 e5 6. Ndb5 d6 7. Nd5 Nxd5 8.
exd5 Nb8 9. c4 Be7 10. Bd3 a6 11. Nc3 O-O 12. O-O f5 13. f3 Bg5 14. Bxg5 Qxg5
15. f4 exf4 16. Qe1 Kh8 17. Ne2 Nd7 18. Nxf4 Nc5 19. b4 Nxd3 20. Nxd3 Bd7 21.
Qf2 Rae8 22. Rae1 Rxe1 23. Rxe1 f4 24. Qd4 f3 25. g3 Qd2 26. Qe3 Qg2# 0-1

[Event "K41 Foraars EMT Gruppe A 2011"]
[Site "Valby"]
[Date "2011.05.10"]
[Round "7"]
[White "Hagen, Andreas Skytte"]
[Black "Laursen, Niels Norskov"]
[Result "1/2-1/2"]
[WhiteElo "2271"]
[BlackElo "2188"]
[PlyCount "108"]
[EventDate "2011.??.??"]

1. g3 g6 2. Bg2 Bg7 3. c4 Nf6 4. Nc3 O-O 5. e4 d6 6. Nge2 c5 7. O-O Nc6 8. d3
Ne8 9. Be3 Nd4 10. Rb1 Nc7 11. b4 Rb8 12. Qd2 Bg4 13. f3 Bd7 14. a3 Qc8 15. Bf2
Nce6 16. Rfe1 f5 17. exf5 Rxf5 18. f4 Qf8 19. Kh1 Kh8 20. bxc5 dxc5 21. Bxd4
Nxd4 22. Nxd4 Bxd4 23. Ne2 e5 24. Rf1 exf4 25. Nxd4 cxd4 26. Rxf4 Rxf4 27. Qxf4
Qxf4 28. gxf4 Bf5 29. Be4 Bxe4+ 30. dxe4 Rf8 31. Rxb7 Rxf4 32. Rxa7 Rxe4 33.
Rd7 d3 34. c5 Rc4 35. Rxd3 Rxc5 36. Rd1 Ra5 37. Ra1 Ra4 38. Kg2 Kg7 39. Kf3 Kf6
40. Ke3 Ke5 41. Kd3 g5 42. Kc3 h5 43. Kb3 Ra8 44. a4 g4 45. a5 Kf4 46. a6 h4
47. Kb4 g3 48. hxg3+ hxg3 49. Kb5 Kf3 50. Kb6 g2 51. a7 Kf2 52. Kb7 Rxa7+ 53.
Kxa7 g1=Q 54. Rxg1 Kxg1 1/2-1/2

[Event "K41 Foraars EMT Gruppe A 2011"]
[Site "Valby"]
[Date "2011.05.10"]
[Round "7"]
[White "Stojanovski, Sandi"]
[Black "Nielsen, John Holm"]
[Result "1-0"]
[WhiteElo "2148"]
[BlackElo "2034"]
[PlyCount "71"]
[EventDate "2011.??.??"]

1. d4 d5 2. c4 c6 3. Nf3 Nf6 4. e3 e6 5. Nbd2 Nbd7 6. Bd3 Bd6 7. O-O O-O 8. e4
dxe4 9. Nxe4 Nxe4 10. Bxe4 Nf6 11. Bc2 h6 12. Qe2 Qc7 13. b3 Re8 14. Bb2 b6 15.
Rfe1 Bb7 16. Qd3 Rad8 17. Ne5 c5 18. d5 exd5 19. Ng4 Ne4 20. cxd5 Bxd5 21. Qxd5
Bxh2+ 22. Nxh2 Rxd5 23. Bxe4 Rh5 24. Nf3 f5 25. Bd5+ Kf8 26. Ne5 Rxe5 27. Rxe5
Qd7 28. Rae1 Rg5 29. Bc1 f4 30. Bxf4 Rxe5 31. Rxe5 Qg4 32. Bg3 Qd1+ 33. Kh2 g5
34. Bf3 Qd7 35. Bh5 Kg7 36. Re8 1-0